Loading...
| MB | 4 | 12 | 1 | 1 | 175 | 44 | 85.94 | 1 | 10 | 0.00 | 0.00 |
| RC | 1 | 7 | 0 | 1 | 85 | 73 | 113.13 | 0 | 5 | 0.00 | 0.00 |
| AR | 1 | 3 | 0 | 0 | 45 | 43 | 80.75 | 1 | 3 | 0.00 | 0.00 |
| RR | 0 | 4 | 0 | 1 | 40 | 77 | 94.50 | 0 | 0 | 0.00 | 0.00 |
| AG | 1 | 2 | 0 | 0 | 35 | 51 | 74.33 | 1 | 3 | 0.00 | 0.00 |
| DM | 1 | 2 | 0 | 1 | 35 | 63 | 105.33 | 0 | 1 | 0.00 | 0.00 |
| AW | 0 | 3 | 1 | 0 | 25 | 96 | 103.00 | 1 | 3 | 0.00 | 0.00 |
| RC> | 1 | 0 | 0 | 0 | 15 | 68 | 68.00 | 1 | 1 | 0.00 | 0.00 |
| 1 | 0 | 0 | 0 | 15 | 61 | 61.00 | 1 | 1 | 0.00 | 0.00 | |
| TR | 0 | 1 | 0 | 0 | 10 | 124 | 124.00 | 0 | 1 | 0.00 | 0.00 |
| AWD | 0 | 1 | 0 | 0 | 10 | 114 | 114.00 | 0 | 1 | 0.00 | 0.00 |
| BB | 0 | 1 | 1 | 0 | 5 | 134 | 134.00 | 0 | 0 | 0.00 | 0.00 |
| AK | 0 | 0 | 1 | 0 | -5 | 0.00 | 0 | 0 | 0.00 | 0.00 |